Rolling Stone's 500 Greatest Albums of All Time - Statistics

General Stats
  • This quiz has been taken 3,287 times
    2,836 since last reset
  • The average score is 105 of 500
Answer Stats
# Album Artist % Correct
10 The White Album The Beatles
87%
14 Abbey Road The Beatles
84%
1 Sgt. Pepper's Lonely Hearts Club Band The Beatles
84%
17 Nevermind Nirvana
81%
20 Thriller Michael Jackson
81%
2 Pet Sounds The Beach Boys
77%
3 Revolver The Beatles
76%
8 London Calling The Clash
74%
43 The Dark Side of the Moon Pink Floyd
74%
29 Led Zeppelin Led Zeppelin
73%
75 Led Zeppelin II Led Zeppelin
73%
66 Led Zeppelin IV Led Zeppelin
73%
187 So Peter Gabriel
71%
25 Rumours Fleetwood Mac
70%
86 Let It Be The Beatles
69%
239 Let It Be The Replacements
69%
35 The Rise and Fall of Ziggy Stardust and the Spiders From Mars David Bowie
69%
37 Hotel California The Eagles
68%
5 Rubber Soul The Beatles
68%
87 The Wall Pink Floyd
66%
76 Imagine John Lennon
65%
26 The Joshua Tree U2
65%
85 Born in the U.S.A. Bruce Springsteen
64%
72 Purple Rain Prince
64%
314 The Velvet Underground The Velvet Underground
64%
6 What's Going On Marvin Gaye
64%
15 Are You Experienced? The Jimi Hendrix Experience
63%
30 Blue Joni Mitchell
63%
18 Born to Run Bruce Springsteen
61%
73 Back in Black AC/DC
59%
332 Help! The Beatles
59%
42 The Doors The Doors
59%
202 Bad Michael Jackson
56%
7 Exile on Main Street The Rolling Stones
55%
162 OK Computer Radiohead
55%
9 Blonde on Blonde Bob Dylan
52%
303 Grace Jeff Buckley
52%
4 Highway 61 Revisited Bob Dylan
52%
439 In Utero Nirvana
52%
33 Ramones Ramones
52%
61 Appetite for Destruction Guns n' Roses
51%
41 Never Mind the Bollocks, Here's the Sex Pistols The Sex Pistols
51%
28 Who's Next The Who
51%
56 Songs in the Key of Life Stevie Wonder
50%
209 Wish You Were Here Pink Floyd
49%
32 Let It Bleed The Rolling Stones
48%
68 Off the Wall Michael Jackson
48%
91 Goodbye Yellow Brick Road Elton John
47%
130 Paranoid Black Sabbath
47%
39 Please Please Me The Beatles
47%
63 Sticky Fingers The Rolling Stones
47%
13 Velvet Underground and Nico The Velvet Underground
47%
16 Blood on the Tracks Bob Dylan
45%
54 Electric Ladyland The Jimi Hendrix Experience
45%
81 Graceland Paul Simon
45%
428 Kid A Radiohead
45%
96 Tommy The Who
45%
388 A Hard Day's Night The Beatles
44%
167 Master of Puppets Metallica
44%
36 Tapestry Carole King
44%
12 Kind of Blue Miles Davis
43%
252 Metallica Metallica
43%
78 Harvest Neil Young
42%
70 Physical Graffiti Led Zeppelin
42%
45 The Band The Band
42%
115 Layla and Other Assorted Love Songs Derek and the Dominos
41%
77 The Clash The Clash
41%
110 The Bends Radiohead
40%
241 Black Sabbath Black Sabbath
39%
22 Plastic Ono Band John Lennon
39%
216 The Queen Is Dead The Smiths
39%
62 Achtung Baby U2
38%
44 Horses Patti Smith
38%
149 Houses of the Holy Led Zeppelin
38%
249 Low David Bowie
38%
221 War U2
38%
107 Hunky Dory David Bowie
37%
144 Straight Outta Compton N.W.A
37%
312 The Miseducation of Lauryn Hill Lauryn Hill
37%
297 Weezer (Blue Album) Weezer
37%
420 With the Beatles The Beatles
37%
452 Music Madonna
36%
207 Ten Pearl Jam
36%
19 Astral Weeks Van Morrison
35%
94 Bitches Brew Miles Davis
35%
399 Californication Red Hot Chili Peppers
35%
193 Dookie Green Day
35%
23 Innervisions Stevie Wonder
35%
230 A Night at the Opera Queen
34%
57 Beggars Banquet The Rolling Stones
34%
48 It Takes a Nation of Millions to Hold Us Back Public Enemy
34%
46 Legend Bob Marley and the Wailers
34%
97 The Freewheelin' Bob Dylan Bob Dylan
34%
129 40 Greatest Hits Hank Williams
33%
55 Elvis Presley Elvis Presley
33%
52 Greatest Hits Al Green
33%
60 Greatest Hits Sly and the Family Stone
33%
135 Greatest Hits Elton John
33%
178 Greatest Hits The Byrds
33%
293 Greatest Hits Simon and Garfunkel
33%
414 Greatest Hits James Brown
33%
423 Greatest Hits The Mamas and the Papas
33%
362 L.A. Woman The Doors
33%
137 The Chronic Dr. Dre
33%
302 The Marshall Mathers LP Eminem
33%
163 1999 Prince
32%
417 Boy U2
32%
82 Axis: Bold as Love The Jimi Hendrix Experience
31%
199 Highway to Hell AC/DC
31%
126 Remain in Light Talking Heads
31%
481 The Smiths The Smiths
31%
236 The Who Sings My Generation The Who
31%
183 Fleetwood Mac Fleetwood Mac
30%
376 (What's the Story) Morning Glory? Oasis
30%
310 BloodSugarSexMagik Red Hot Chili Peppers
29%
295 Meat Is Murder The Smiths
29%
59 Meet the Beatles The Beatles
29%
67 The Stranger Billy Joel
29%
247 Automatic for the People R.E.M.
28%
65 Moondance Van Morrison
28%
368 Rage Against the Machine Rage Against the Machine
28%
133 Ready to Die The Notorious B.I.G.
28%
273 The Slim Shady LP Eminem
28%
47 A Love Supreme John Coltrane
27%
88 At Folsom Prison Johnny Cash
27%
226 Doolittle Pixies
27%
327 Jagged Little Pill Alanis Morissette
27%
266 Quadrophenia The Who
27%
455 Synchronicity The Police
27%
250 The River Bruce Springsteen
27%
185 The Stooges The Stooges
27%
71 After the Gold Rush Neil Young
26%
145 Aja Steely Dan
26%
277 Aladdin Sane David Bowie
26%
343 Bat Out of Hell Meat Loaf
26%
402 Dr John's Gumbo
26%
24 Live at the Apollo (1963) James Brown
26%
320 Pink Moon Nick Drake
26%
93 Sign 'o' the Times Prince
26%
269 Some Girls The Rolling Stones
26%
323 Station to Station David Bowie
26%
194 Transformer Lou Reed
26%
169 Exodus Bob Marley
25%
400 Illmatic Nas
25%
224 Nebraska Bruce Springsteen
25%
282 The Cars The Cars
25%
317 The Eminem Show Eminem
25%
108 Aftermath The Rolling Stones
24%
31 Bringing It All Back Home Bob Dylan
24%
112 Disraeli Gears Cream
24%
165 Let's Get It On Marvin Gaye
24%
237 Like a Prayer Madonna
24%
487 Mellon Collie and the Infinite Sadness The Smashing Pumpkins
24%
374 The Eagles The Eagles
24%
136 Tim The Replacements
24%
58 Trout Mask Replica Captain Beefheart and His Magic Band
24%
351 Brothers in Arms Dire Straits
23%
157 Closer Joy Division
23%
140 Parallel Lines Blondie
23%
105 Rocket to Russia Ramones
23%
360 Siamese Dream The Smashing Pumpkins
23%
90 Talking Book Stevie Wonder
23%
181 The Rolling Stones Now!
23%
261 Tracy Chapman Tracy Chapman
23%
265 Cosmo's Factory Creedence Clearwater Revival
22%
326 Disintegration The Cure
22%
109 Loaded The Velvet Underground
22%
128 Marquee Moon Television
22%
34 Music From Big Pink The Band
22%
305 Odelay Beck
22%
156 Paul's Boutique Beastie Boys
22%
122 Pearl Janis Joplin
22%
150 Santana Santana
22%
464 The Blueprint Jay-Z
22%
161 The Dock of the Bay Otis Redding
22%
415 Van Halen Van Halen
22%
51 Bridge Over Troubled Waters Simon and Garfunkel
21%
367 Is This It The Strokes
21%
311 MTV Unplugged in New York Nirvana
21%
407 Strange Days The Doors
21%
69 Superfly Curtis Mayfield
21%
315 Surfer Rosa Pixies
21%
211 Tattoo You The Rolling Stones
21%
347 The Piper at the Gates of Dawn Pink Floyd
21%
11 The Sun Sessions Elvis Presley
21%
228 Toys in the Attic Aerosmith
21%
390 Elephant The White Stripes
20%
40 Forever Changes Love
20%
359 Stankonia Outkast
20%
290 Talking Heads: 77 Talking Heads
20%
292 White Light / White Heat The Velvet Underground
20%
418 Band on the Run Wings
19%
233 Bookends Simon and Garfunkel
19%
151 Darkness on the Edge of Town Bruce Springsteen
19%
300 Fear of a Black Planet Public Enemy
19%
95 Green River Creedence Clearwater Revival
19%
219 Loveless My Bloody Valentine
19%
298 Master of Reality Black Sabbath
19%
197 Murmur R.E.M.
19%
80 Odessey and Oracle The Zombies
19%
125 Raw Power The Stooges
19%
240 Run-DMC Run-DMC
19%
336 Superunknown Soundgarden
19%
255 The Kinks Are the Village Green Preservation Society The Kinks
19%
391 The Pretender Jackson Browne
19%
99 There's a Riot Goin' On Sly and the Family Stone
19%
113 The Who Sell Out The Who
19%
254 Whitney Houston Whitney Houston
19%
437 All Things Must Pass George Harrison
18%
337 Aqualung Jethro Tull
18%
260 Buena Vista Social Club Buena Vista Social Club
18%
148 Deja Vu Crosby Stills Nash and Young
18%
89 Dusty in Memphis Dusty Springfield
18%
386 Enter the Wu-Tang: 36 Chambers Wu-Tang Clan
18%
186 Fresh Sly and the Family Stone
18%
191 Funhouse The Stooges
18%
345 Stop Making Sense Talking Heads
18%
146 Surrealistic Pillow Jefferson Airplane
18%
98 This Year's Model Elvis Costello
18%
342 Violator Depeche Mode
18%
307 Avalon Roxy Music
17%
174 Desire Bob Dylan
17%
480 Faith George Michael
17%
217 Licensed to Ill Beastie Boys
17%
486 Maggot Brain Funkadelic
17%
74 Otis Blue Otis Redding
17%
404 Sandinista! The Clash
17%
198 The Best of Little Walter
17%
200 The Downward Spiral Nine Inch Nails
17%
154 The Low End Theory A Tribe Called Quest
17%
205 Abraxas Santana
16%
344 Berlin Lou Reed
16%
259 Crosby Stills and Nash Crosby Stills and Nash
16%
50 Here's Little Richard Little Richard
16%
472 Hysteria Def Leppard
16%
168 My Aim Is True Elvis Costello
16%
114 Out of Our Heads The Rolling Stones
16%
384 Pyromania Def Leppard
16%
397 Rain Dogs Tom Waits
16%
275 Rhythm Nation 1814 Janet Jackson
16%
176 Rocks Aerosmith
16%
118 Stand! Sly and the Family Stone
16%
152 The B-52's The B-52's
16%
21 The Great Twenty-Eight Chuck Berry
16%
441 Tragic Kingdom No Doubt
16%
258 American Beauty Grateful Dead
15%
396 Eliminator ZZ Top
15%
468 Elton John Elton John
15%
101 Fresh Cream Cream
15%
322 Ghost in the Machine The Police
15%
83 I Never Loved a Man the Way I Love You Aretha Franklin
15%
100 In the Wee Small Hours Frank Sinatra
15%
294 Kick Out the Jams MC5
15%
286 Los Angeles X
15%
213 New York Dolls New York Dolls
15%
373 Post Bjork
15%
478 Radio LL Cool J
15%
363 Ray of Light Madonna
15%
350 Rust Never Sleeps Neil Young and Crazy Horse
15%
131 Saturday Night Fever Original Soundtrack Various Artists
15%
134 Slanted and Enchanted Pavement
15%
291 The Basement Tapes Bob Dylan and the Band
15%
159 Alive Kiss
14%
49 At Fillmore East The Allman Brothers Band
14%
116 At Last Etta James
14%
329 Daydream Nation Sonic Youth
14%
160 Electric Warrior T. Rex
14%
102 Giant Steps John Coltrane
14%
84 Lady Soul Aretha Franklin
14%
483 Life After Death The Notorious B.I.G.
14%
170 Live at Leeds The Who
14%
382 More Songs About Buildings and Food Talking Heads
14%
341 Play Moby
14%
268 Psycho Candy The Jesus and Mary Chain
14%
253 Trans-Europe Express Kraftwerk
14%
488 Voodoo D'Angelo
14%
352 52nd Street Billy Joel
13%
473 A Rush of Blood to the Head Coldplay
13%
111 Court and Spark Joni Mitchell
13%
210 Crooked Rain. Crooked Rain Pavement
13%
496 Destroyer Kiss
13%
419 Dummy Portishead
13%
283 Five Leaves Left Nick Drake
13%
412 Mezzanine Massive Attack
13%
232 Mr. Tambourine Man The Byrds
13%
434 Outlandos D'Amour The Police
13%
201 Parsley, Sage, Rosemary and Thyme Simon and Garfunkle
13%
325 Slowhand Eric Clapton
13%
278 The Immaculate Collection Madonna
13%
256 The Velvet Rope Janet Jackson
13%
475 Tunnel of Love Bruce Springsteen
13%
262 Workingman's Dead Grateful Dead
13%
139 All That You Can't Leave Behind U2
12%
355 Between the Buttons The Rolling Stones
12%
214 Bo Diddley/Go Bo Diddley Bo Diddley
12%
245 Bryter Layter Nick Drake
12%
289 Call Me Al Green
12%
377 CrazySexyCool TLC
12%
204 Dirty Mind Prince
12%
470 Document R.E.M.
12%
328 Exile in Guyville Liz Phair
12%
379 Greetings from Asbury Park Bruce Springsteen
12%
357 Honky Chateau Elton John
12%
301 John Wesley Harding Bob Dylan
12%
121 Moby Grape Moby Grape
12%
309 Nothing's Shocking Jane's Addiction
12%
227 Paid in Full Eric B. & Rakim
12%
410 Pink Flag Wire
12%
120 Raising Hell Run-DMC
12%
248 Reasonable Doubt Jay-Z
12%
288 Something Else by the Kinks The Kinks
12%
117 Sweetheart of the Rodeo The Byrds
12%
38 The Anthology, 1947 - 1972 Muddy Waters
12%
179 The Anthology 1961 - 1977 Curtis Mayfield and the Impressions
12%
426 The Battle of Los Angeles Rage Against the Machine
12%
242 The Jerry Lee Lewis Anthology: All Killer No Filler! Jerry Lee Lewis
12%
132 The Wild, the Innocent and the E Street Shuffle Bruce Springsteen
12%
398 Anthology The Temptations
11%
431 Anthology Diana Ross and the Supremes
11%
238 Can't Buy a Thrill Steely Dan
11%
158 Captain Fantastic and the Brown Dirt Cowboy Elton John
11%
313 Damn the Torpedoes Tom Petty and the Heartbreakers
11%
243 Freak Out! The Mothers of Invention
11%
27 King of the Delta Blues Singers, Vol. 1 Robert Johnson
11%
365 Louder Than Bombs The Smiths
11%
381 Modern Lovers Modern Lovers
11%
366 Mott Mott the Hoople
11%
155 Pretenders The Pretenders
11%
385 Pretzel Logic Steely Dan
11%
401 (Pronounced Leh-Nerd Skin-Nerd) Lynyrd Skynyrd
11%
356 Sketches of Spain Miles Davis
11%
103 Sweet Baby James James Taylor
11%
477 The Score Fugees
11%
203 Wheels of Fire Cream
11%
395 Blue Lines Massive Attack
10%
123 Catch a Fire Bob Marley and the Wailers
10%
208 Everybody Knows This Is Nowhere Neil Young With Crazy Horse
10%
424 King of the Delta Blues Singers, Vol. 2 Robert Johnson
10%
244 Live Dead Grateful Dead
10%
182 Natty Dread Bob Marley and the Wailers
10%
184 Red Headed Stranger Willie Nelson
10%
440 Sea Change Beck
10%
270 The Beach Boys Today! The Beach Boys
10%
408 Time Out of Mind Bob Dylan
10%
492 Vitalogy Pearl Jam
10%
491 All the Young Dudes Mott the Hoople
9%
383 A Quick One (Happy Jack) The Who
9%
482 Armed Forces Elvis Costello and the Attractions
9%
338 Cheap Thrills Big Brother and the Holding Company
9%
340 Damaged Black Flag
9%
166 Imperial Bedroom Elvis Costello
9%
104 Modern Sounds in Country and Western Music Ray Charles
9%
284 Music of My Mind Stevie Wonder
9%
405 Rid of Me PJ Harvey
9%
494 She's So Unusual Cyndi Lauper
9%
306 Songs for Swingin' Lovers Frank Sinatra
9%
257 Stardust Willie Nelson
9%
79 Star Time James Brown
9%
446 Suicide Suicide
9%
380 Sunflower The Beach Boys
9%
206 Tea for the Tillerman Cat Stevens
9%
263 The Genius of Ray Charles Ray Charles
9%
251 The Otis Redding Dictionary of Soul Otis Redding
9%
267 There Goes Rhymin' Simon Paul Simon
9%
331 Tonight's the Night Neil Young
9%
296 We're Only In It For the Money The Mothers of Invention
9%
392 Willy and the Poor Boys Creedence Clearwater Revival
9%
92 20 Golden Greats Buddy Holly
8%
346 3 Feet High and Rising De La Soul
8%
364 American Recordings Johnny Cash
8%
442 Boys Don't Cry The Cure
8%
319 Burnin' Bob Marley and the Wailers
8%
299 Coat of Many Colors Dolly Parton
8%
172 Every Picture Tells a Story Rod Stewart
8%
190 From Elvis in Memphis Elvis Presley
8%
143 Gris-Gris Dr. John
8%
223 Howlin' Wolf Howlin' Wolf
8%
274 Mothership Connection Parliament
8%
64 Phil Spector, Back to Mono (1958 - 1969) Various Artists
8%
447 Q: Are We Not Men? A: We Are Devo! Devo
8%
369 Reggatta de Blanc The Police
8%
358 Singles Going Steady Buzzcocks
8%
371 Siren Roxy Music
8%
173 Something/Anything? Todd Rundgren
8%
361 Substance New Order
8%
53 The Birth of Soul: The Complete Atlantic Rhythm and Blues Recordings, 1952 - 1959 Ray Charles
8%
171 The Notorious Byrd Brothers The Byrds
8%
246 The Shape of Jazz to Come Ornette Coleman
8%
438 #1 Record Big Star
7%
195 Bluesbreakers John Mayall With Eric Clapton
7%
175 Close to You The Carpenters
7%
387 Country Life Roxy Music
7%
490 Entertainment! Gang of Four
7%
394 For Your Pleasure Roxy Music
7%
127 If You Can Believe Your Eyes and Ears The Mamas and the Papas
7%
141 Live at the Regal B.B. King
7%
466 Live Through This Hole
7%
467 Love and Theft Bob Dylan
7%
279 My Life Mary J. Blige
7%
196 Nuggets: Original Artyfacts from the First Psychedelic Era 1965 - 1968 Various Artists
7%
177 One Nation Under a Groove Parliament/Funkadelic
7%
212 Proud Mary: The Best of Ike and Tina Turner Ike and Tina Turner
7%
321 Sail Away Randy Newman
7%
333 Shoot Out the Lights Richard and Linda Thompson
7%
500 Touch Eurythmics
7%
498 Tres Hombres ZZ Top
7%
370 Volunteers Jefferson Airplane
7%
334 Wild Gift X
7%
354 12 Songs Randy Newman
6%
433 Another Green World Brian Eno
6%
188 Buffalo Springfield Again Buffalo Springfield
6%
304 Car Wheels on a Gravel Road Lucinda Williams
6%
425 Changesone David Bowie
6%
450 Fly Like an Eagle Steve Miller Band
6%
280 Folk Singer Muddy Waters
6%
271 Going to a Go-Go Smokey Robinson and the Miracles
6%
164 Heart Like a Wheel Linda Ronstadt
6%
462 Here, My Dear Marvin Gaye
6%
406 I Do Not Want What I Haven't Got Sinead O' Connor
6%
469 Metal Box Public Image Ltd.
6%
416 Mule Variations Tom Waits
6%
142 Phil Spector, A Christmas Gift to You Varoius Artists
6%
453 Ritual de lo Habitual Jane's Addiction
6%
316 Rock Steady No Doubt
6%
349 Roger the Engineer (a.k.a. Over Under Sideways Down) The Yardbirds
6%
463 Tumbleweed Connection Elton John
6%
124 Younger Than Yesterday The Byrds
6%
409 461 Ocean Boulevard Eric Clapton
5%
430 At Budokan Cheap Trick
5%
348 At Newport 1960 Muddy Waters
5%
451 Back in the USA MC5
5%
318 Back Stabbers The O'Jays
5%
413 Beauty and the Beat Go-Go's
5%
281 Can't Get Enough Barry White
5%
264 Child Is Father to the Man Blood, Sweat and Tears
5%
411 Double Nickels on the Dime Minutemen
5%
454 Getz/Gilberto Stan Getz and Joao Gilberto Featuring Antonio Carlos Jobim
5%
393 Good Old Boys Randy Newman
5%
489 Guitar Town Steve Earle
5%
189 Happy Trails Quicksilver Messenger Service
5%
458 John Prine John Prine
5%
372 Late for the Sky Jackson Browne
5%
153 Moanin' in the Moonlight Howlin' Wolf
5%
229 Nick of Time Bonnie Raitt
5%
272 Nightbirds Labelle
5%
106 Portrait of a Legend 1951 - 1964 Sam Cooke
5%
403 Radio City Big Star
5%
138 Rejuvenation The Meters
5%
445 Rum Sodomy and the Lash The Pogues
5%
421 The "Chirping" Crickets Buddy Holly and the Crickets
5%
180 The Definitive Collection Abba
5%
192 The Gilded Palace of Sin The Flying Burrito Brothers
5%
119 The Harder They Come Original Soundtrack Various Artists
5%
339 The Heart of Saturday Night Tom Waits
5%
231 The Kink Kronikles The Kinks
5%
222 The Neil Diamond Collection Neil Diamond
5%
308 The Sun Records Collection Various Artists
5%
234 The Ultimate Collection Patsy Cline
5%
375 The Ultimate Collection (1948 - 1990) John Lee Hooker
5%
456 Third/Sister Lovers Big Star
5%
287 Anthem of the Sun Grateful Dead
4%
499 Born Under a Bad Sign Albert King
4%
378 Funky Kingston Toots and the Maytals
4%
465 Golden Hits The Drifters
4%
285 I'm Still in Love With You Al Green
4%
330 In the Jungle Groove James Brown
4%
479 I Want to See the Bright Lights Tonight Richard and Linda Thompson
4%
474 Live in Europe Otis Redding
4%
218 Look-Ka Py Py The Meters
4%
495 New Day Rising Husker Du
4%
389 The End of the Innocence Don Henley
4%
324 The Very Best of Linda Ronstadt Linda Ronstadt
4%
435 To Bring You My Love PJ Harvey
4%
497 Yo! Bum Rush the Show Public Enemy
4%
276 Anthology of American Folk Music Harry Smith, ed.
3%
147 Dreams to Remember: The Otis Redding Anthology Otis Redding
3%
457 For Everyman Jackson Browne
3%
429 Grievous Angel Gram Parsons
3%
353 Having a Rave Up With the Yardbirds The Yardbirds
3%
471 Heaven Up Here Echo and the Bunnymen
3%
436 Here Come the Warm Jets Brian Eno
3%
448 In Color Cheap Trick
3%
235 Mr. Excitement! Jackie Wilson
3%
220 New Orleans Piano Professor Longhair
3%
427 Presenting the Fabulous Ronettes Featuring Veronica The Ronettes
3%
335 Squeezing Out Sparks Graham Parker
3%
225 The Complete Hank Williams Hank Williams
3%
215 Two Steps From the Blues Bobby Bland
3%
485 All Time Greatest Hits Loretta Lynn
2%
444 Criminal Minded Boogie Down Productions
2%
461 How Will the Wolf Survive? Los Lobos
2%
443 Live at the Harlem Square Club, 1963 Sam Cooke
2%
460 Love It to Death Alice Cooper
2%
432 Sleepless Peter Wolf
2%
459 Strictly Business EPMD
2%
493 That's the Way of the World Earth, Wind and Fire
2%
422 The Best of the Girl Groups, Volumes 1 and 2 Various Artists
2%
476 The Paul Butterfield Blues Band The Paul Butterfield Blues Band
2%
484 Branded Man Merle Haggard
1%
449 The World Is a Ghetto War
1%
No matching quizzes found
Score Distribution
Percent of People with Each Score
Percentile by Number Answered
Your Score History
You have not taken this quiz since the last reset